| 000 | 01105nas a2200241 i 4500 | ||
|---|---|---|---|
| 001 | 768714001 | ||
| 003 | CO-MdFUSB | ||
| 005 | 20240813122025.0 | ||
| 008 | 240813t1922 cr ||||| |||| 00| 0 eng d | ||
| 040 |
_bspa _cCO-MdFUSB _dCO-MdFUSB |
||
| 041 | _aeng | ||
| 100 |
_aLee, Walter S., _eautor |
||
| 245 |
_aColombia : _ba neglected corner of the neglected continent _c/ Rev. Walter S. Lee |
||
| 520 | _aManifiesta lo olvidada que estaba Colombia en cuanto a la evangelización. Para esa época la población de Colombia tenía la fuerza misionera más pequeña en comparación con cualquier otro país latinoamericano del mundo. Los misioneros en 1922 eran 30 y había una población de 5 millones. | ||
| 546 | _aTexto en inglés. | ||
| 650 | 7 |
_aAntropología cultural y social _96714 |
|
| 650 | 0 |
_aEvangelización _9362 |
|
| 650 | 0 |
_aMisiones _9154 |
|
| 650 | 7 |
_aMisioneros _9931 |
|
| 773 | 0 |
_070761 _982937 _oR2741 _tLatin America Mission _w(CO-MdFUSB)768714001 _gVolumen 2, (número 3, 1922), páginas: 5 - 7 _qpágina: 5 |
|
| 942 | _cANA | ||
| 945 | _aCatherine Arias Álvarez - Practicante SENA | ||
| 999 |
_c70788 _d70788 |
||